000
00212 a2200097 4500
001
25881
100
_a
Partridge, E
245
_a
Concise Usage and Abusages
260
_a
_b
Hamilton
_c
1964
090
_c
17499
_d
17499
942
_a
NUST-CAE
_c
M
_c
8334
999
_c
260954
_d
260954